01174nam a22002177a 450000500170000000800410001702000150005804000070007304100080008008200210008810000230010924500530013226000330018530000310021836500210024952005880027065000240085865000150088265000360089770000230093320211112092721.0211112b ||||| |||| 00| 0 eng d a044653191X cAL aeng 223a302.23bBERA aGOLDBERG (Bernard) aArrogance: Rescuing America from the Media Elite aNew YorkbWarner Booksc2003 aviii,310 p.bHBc23x15 cm. b26.95c£d26.95 aFormer CBS News correspondent Goldberg cites example after example of what he identifies as distorted reporting and asserts that these examples prove the pervasiveness of a liberal bias in the mainstream media. His credibility is diminished by a breathless, scattershot approach and sketchy documentation of examples (many taken out of context); but his points seem to be that attuned citizens will find such examples everywhere they look and that honest journalists should open their eyes. He includes a section of contact information for conservative organizations and think tanks. aSocial Interraction aJournalism aTelevision Broadcasting of News aGOLDBERG (Bernard)